Guess the random Taylor Swift Song Lyrics 9 - Statistics

General Stats
  • This quiz has been taken 22 times
  • The average score is 281 of 454
Answer Stats
Answer % Correct
a
100%
A
100%
I
100%
me
100%
an
94%
It
94%
it
94%
(it
94%
love
94%
of
94%
on
94%
the
94%
You
94%
you
94%
you)
94%
and
88%
And
88%
do
88%
in
88%
In
88%
is
88%
Is
88%
my
88%
(my
88%
for
81%
if
81%
it's
81%
(no
81%
to
81%
were
81%
your
81%
don't
75%
Don't
75%
know
75%
Then
75%
then
75%
They
75%
they
75%
with
75%
at
69%
'cause
69%
('cause
69%
'Cause
69%
Like
69%
like
69%
so
69%
that
69%
this
69%
This
69%
up
69%
was
69%
could
63%
get
63%
off
63%
one
63%
say
63%
time
63%
bar
56%
by
56%
down
56%
ever
56%
girl
56%
loved
56%
never
56%
Oh
56%
Why
56%
why
56%
different
50%
different)
50%
friends
50%
have
50%
hits
50%
Hits
50%
lie
50%
Or
50%
some
50%
us
50%
bus
44%
car
44%
cry
44%
cry)
44%
door
44%
I'd
44%
just
44%
Now
44%
out
44%
right
44%
take
44%
Yeah
44%
(yeah)
44%
always
38%
away
38%
enough
38%
girls
38%
good
38%
has
38%
need
38%
other
38%
our
38%
pictured
38%
Shit
38%
shouldn't
38%
street
38%
threw
38%
Catastrophic
31%
come
31%
contagious
31%
contagious)
31%
dream
31%
Dreams
31%
easy
31%
eyes
31%
felt
31%
guy
31%
heart
31%
held
31%
hurts
31%
key
31%
kill
31%
Movin'
31%
Nothing
31%
okay
31%
once
31%
sadness
31%
sand
31%
song
31%
start
31%
while
31%
wrong
31%
another
25%
asshole
25%
believed
25%
Bet
25%
blues
25%
burns
25%
club
25%
crease
25%
Each
25%
feelings
25%
hallway
25%
hands
25%
heard
25%
invitations
25%
main
25%
over
25%
plays
25%
receiving
25%
shows
25%
simple
25%
skip
25%
someone
25%
still
25%
stopped
25%
summer
25%
sun
25%
town
25%
turn
25%
waiting
25%
walkin'
25%
washed
25%
world
25%
wrinkle
25%
antithetical
19%
Argumentative
19%
belief
19%
coast
19%
find
19%
Freedom
19%
ghost
19%
hair
19%
hat
19%
Kens
19%
made
19%
make
19%
melt
19%
mess
19%
metaphor
19%
name
19%
needed
19%
outlaw
19%
puts
19%
sense
19%
slur
19%
space
19%
stare
19%
switch
19%
these
19%
'til
19%
aid
13%
artifacts
13%
band
13%
bleedin'
13%
cried
13%
Cursed
13%
evidence
13%
Rip
13%
trace
13%
used
13%
wound
13%
No matching quizzes found
Score Distribution
Percent of People with Each Score
Percentile by Number Answered
Your Score History
You have not taken this quiz